Stockholm Syndrome - One Direction (All Lyrics) - Statistics

General Stats
  • This quiz has been taken 1,403 times
  • The average score is 260 of 299
Answer Stats
Stockholm Syndrome % Correct
I
99%
me
98%
you
97%
be
96%
to
96%
this
95%
go
94%
holding
94%
that
94%
what
94%
Chorus | Outro Baby
93%
for
93%
never
93%
Verse 1 | Verse 2 Who's
93%
by
92%
done
92%
look
92%
Look
92%
no
92%
the
92%
you've
92%
way
91%
I've
90%
been
89%
But
89%
but
89%
keep
89%
know
89%
now
89%
shadow
89%
days
88%
get
88%
here
88%
if
88%
I'm
88%
leave
88%
I'll
87%
hostage?
86%
away?
84%
soon
84%
Stockholm
84%
Syndrome
84%
telling
84%
your
84%
find
83%
got
83%
used
83%
Used
83%
gonna
82%
coming
81%
and
80%
And
80%
being
79%
my
79%
whisper
79%
in
78%
they'll
77%
down
76%
getting
76%
held
76%
hand
75%
is
75%
man
75%
tied
75%
eyes?
74%
talking
74%
about
71%
that's
71%
room
70%
mind
69%
fell
67%
Yeah
66%
changed
65%
bout'
64%
his
64%
free
63%
he's
62%
on
53%
sing
53%
Bridge All
52%
life
47%
own
46%
fear
43%
there's
43%
I'd
40%
place
40%
wanna
39%
ever
38%
other
38%
home
35%
we're
34%
alone
33%
light
31%
guide
29%
together
26%
No matching quizzes found
Score Distribution
Percent of People with Each Score
Percentile by Number Answered
Your Score History
You have not taken this quiz